000
00310nam a22001097a 4500
008
160512b xxu||||| |||| 00| 0 eng d
020
_a
080890759
041
_a
eng
080
_a
616.12
245
_a
Hypertension mechanisms and management:
_c
Gaddo Onesti M.D; Kwan Eun Kim M.D;John H. Moyer M.D;
942
_2
udc
_c
BK
999
_c
2100
_d
2100